00478nam a2200169 a 45000010005000000030009000050080041000140400028000550820015000831000028000982450058001262500008001842600032001923000015002246500029002396500040002686305CO-ViMGA141112s2004 ck r 000 u spa d aCO-ViMGAbspacCO-ViMGA04a668.6 L4511 aLiñan Vicente, Carlos10aVademecum de productos fitosanitarios y nutricionales a13a aMadrid : bProbelte, c1997 a604 p : il14aPRODUCTOS FITOSANITARIOS14aPRODUCTOS QUIMICOS PARA AGRICULTURA